Gaming Quiz

Random Gaming or Pokémon Quiz

Pokémon Attacks (Gen I) Quiz Stats

 Plays Quiz Updated Mar 29, 2019

Score 0/165 Timer 15:00
7 Plays Today
Element Attack % Correct
ElectricThunder
88.5%
NormalTackle
87.3%
FlyingFly
86.8%
WaterSurf
85.7%
FireFlamethrower
82.5%
PsychicPsychic
82.4%
WaterWater Gun
81.3%
FireEmber
80.8%
IceIce Beam
80.8%
ElectricThunderbolt
80.6%
NormalCut
79.6%
WaterBubble
78.3%
GroundEarthquake
77.4%
GrassVine Whip
76.1%
ElectricThundershock
75.8%
GroundDig
74.6%
NormalGrowl
73.6%
DragonDragon Rage
73.4%
RockRock Throw
72.6%
WaterHydro Pump
72.6%
ElectricThunder Wave
72.5%
NormalScratch
72%
WaterBubblebeam
72%
FireFire Blast
71.5%
NormalStrength
71.3%
FlyingWing Attack
71.1%
NormalBite
70.9%
GrassRazor Leaf
70.7%
GrassSleep Powder
70.5%
PoisonPoison Powder
70.3%
GrassSolar Beam
69.7%
FireFire Punch
68.9%
PsychicConfusion
68.7%
IceIce Punch
67.6%
NormalHyper Beam
67.4%
PoisonPoison Sting
67.3%
NormalFlash
67.3%
IceBlizzard
67.2%
ElectricThunder Punch
66.5%
PsychicPsybeam
66%
NormalTail Whip
65.9%
BugString Shot
64.3%
GhostLick
64.2%
GrassStun Spore
63.9%
NormalGust
63.4%
FlyingPeck
63%
FireFire Spin
62.6%
NormalHarden
62.2%
NormalQuick Attack
62%
NormalMega Punch
61.9%
NormalLeer
61.9%
PsychicHypnosis
61.4%
NormalSlash
61.4%
NormalSand-Attack
61.3%
RockRock Slide
61.3%
Element Attack % Correct
GrassLeech Seed
61.2%
PoisonToxic
60.3%
PoisonSludge
58.1%
NormalMega Kick
57.8%
GrassAbsorb
56.2%
GrassMega Drain
56.2%
FightingLow Kick
55.8%
NormalKarate Chop
55.7%
PsychicDream Eater
55.6%
GhostConfuse Ray
55.5%
NormalBody Slam
55.4%
PsychicRest
53.5%
GhostNight Shade
52.9%
IceAurora Beam
52.4%
NormalSing
51.7%
NormalWrap
51.5%
BugLeech Life
51.2%
FightingSeismic Toss
51.1%
PsychicAgility
50.6%
FightingDouble Kick
50.4%
NormalSplash
49.8%
WaterWaterfall
49.5%
GroundFissure
49.4%
NormalPound
49.3%
NormalWhirlwind
49.3%
WaterWithdraw
49.2%
NormalDoubleslap
48.8%
FightingHi Jump Kick
48.6%
PsychicTeleport
48.2%
NormalSelf Destruct
48.2%
PsychicPsywave
48%
PoisonAcid
47.7%
NormalHorn Drill
47.2%
NormalHorn Attack
47.1%
NormalBide
46.9%
NormalDouble Team
46.9%
NormalStruggle
46.1%
NormalExplosion
46%
FlyingSky Attack
45.6%
FlyingDrill Peck
45.4%
NormalSlam
45.3%
NormalBind
44.9%
PsychicLight Screen
44.5%
FightingJump Kick
43.8%
NormalDefense Curl
43.5%
NormalRage
43.5%
NormalMetronome
43.5%
PsychicReflect
43.2%
GrassSpore
43%
NormalScreech
42.9%
NormalRecover
42.8%
PoisonPoison Gas
42.7%
NormalFury Attack
42.6%
NormalTake Down
42.3%
NormalHead Butt
42%
Element Attack % Correct
NormalSupersonic
41.9%
PsychicBarrier
41.7%
IceHaze
41.6%
IceMist
40.8%
NormalRoar
40.7%
NormalSwift
40.4%
PoisonSmog
40.4%
NormalTransform
40.2%
NormalFury Swipes
39.9%
BugTwineedle
39.5%
NormalDouble Edge
39.5%
NormalHyper Fang
39.1%
NormalTri Attack
38.9%
FlyingMirror Move
38.8%
NormalSwords Dance
38.8%
FightingSubmission
38.4%
NormalSkull Bash
38.2%
PsychicAmnesia
37.4%
NormalEgg Bomb
37%
BugPin Missile
36.9%
PoisonAcid Armor
36.7%
FightingCounter
36.7%
NormalGrowth
36.3%
NormalConstrict
36%
NormalGuillotine
35.6%
NormalMinimize
35.1%
NormalStomp
35.1%
GroundBone Club
35%
GroundBonemerang
34.6%
FightingRolling Kick
34.5%
NormalSoftboiled
34.5%
NormalComet Punch
34.1%
NormalGlare
33.9%
NormalSuper Fang
32.9%
NormalPay Day
32.5%
WaterCrabhammer
32.4%
PsychicKinesis
31.8%
NormalSmokescreen
31.8%
WaterClamp
31.7%
GrassPetal Dance
31.6%
NormalFocus Energy
31.5%
NormalThrash
30.9%
NormalSubstitute
30.4%
NormalRazor Wind
29.9%
NormalBarrage
29%
NormalSonic Boom
28.6%
NormalLovely Kiss
28.5%
PsychicMeditate
27.3%
NormalMimic
27%
NormalConversion
26.1%
NormalDizzy Punch
25.7%
NormalVicegrip
25.6%
NormalDisable
25.2%
NormalSharpen
21.6%
NormalSpike Cannon
19.7%

You're not logged in!

Compare scores with friends on all Sporcle quizzes.
OR
Log In

Sporcle TV

Today on Sporcle TV


Watch our educational content, quiz creation guides, and fun videos on Sporcle TV.

Show Comments

Extras

Top Quizzes Today


Score Distribution

Your Account Isn't Verified!

In order to create a playlist on Sporcle, you need to verify the email address you used during registration. Go to your Sporcle Settings to finish the process.

Report this User

Report this user for behavior that violates our Community Guidelines.

Details: